Sport & Remedial Massage Therapy/ (Record no. 211474)

MARC details
000 -LEADER
fixed length control field 00569nam a22001937a 4500
005 - DATE AND TIME OF LATEST TRANSACTION
control field 20250530171157.0
010 ## - LCCN (DPL NO)
LC control number ENG-145068
020 ## - INTERNATIONAL STANDARD BOOK NUMBER
International Standard Book Number 9780091809560
Terms of availability 750.00
035 ## - SYSTEM CONTROL NUMBER
System control number EN-128600
037 ## - SOURCE OF ACQUISITION
Source of stock number/acquisition DBAD
082 ## - DEWEY DECIMAL CLASSIFICATION NUMBER
Classification number 615.32
100 ## - MAIN ENTRY--PERSONAL NAME
Personal name Cash, Mel
245 ## - TITLE STATEMENT
Title Sport & Remedial Massage Therapy/
Statement of responsibility, etc Mel Cash
250 ## - EDITION STATEMENT
Edition statement 1
260 ## - PUBLICATION, DISTRIBUTION, ETC. (IMPRINT)
Place of publication, distribution, etc New York
Name of publisher, distributor, etc Random House
Date of publication, distribution, etc 1996
270 ## - ADDRESS
Address Random House, The Random House Publishing Group, A division of Random House
City New York
300 ## - PHYSICAL DESCRIPTION
Extent 284p.
Dimensions 24cm(pb)
942 ## - ADDED ENTRY ELEMENTS (KOHA)
Source of classification or shelving scheme Dewey Decimal Classification
Item type English Books
Classification part 615.32
Call number suffix CAS
Holdings
Withdrawn status Lost status Not for loan Collection code Home library Current library Date acquired Source of acquisition Cost, normal purchase price Full call number Barcode Copy number Cost, replacement price Koha item type
      Non-fiction New Police Line New Police Line 30/05/2025 Delivery of Books Act Division 750.00 615.32 CAS EN-128600 1 750.00 English Books

© Delhi Public Library
Hit Counter
free hit counter